| 000 | 00527nam a2200205Ia 4500 | ||
|---|---|---|---|
| 005 | 20260429112211.0 | ||
| 008 | 260429s9999||||xx |||||||||||||| ||und|| | ||
| 020 | _a9789355273406 | ||
| 041 | _aEnglish | ||
| 082 |
_a891.2 _bSRI |
||
| 100 | _aSriharsha | ||
| 245 | 0 |
_aRatnavali : _ba Sanskrit drama / _cSriharsha |
|
| 250 | _a1st ed. | ||
| 260 |
_aChennai : _bMaven Books, _c2023. |
||
| 300 | _a394 p.; pbk | ||
| 650 | _a Classical literature | ||
| 650 | _aSanskrit drama | ||
| 700 | _a Hará¹£avardhana | ||
| 942 | _cTB | ||
| 999 |
_c52858 _d52858 |
||